000 00980nam a22002777a 4500
005 20111219141654.0
008 111219t xxu||||| |||| 00| 0 eng d
010 _aENG-104392
020 _a9788175156135
_c365.00
035 _aEN -87925
037 _bDBAD/PUB
040 _aDPL
_bEng
082 _a658.21
100 _936352
245 _aManagement of innovation and technology /
_cedited by Renu Luthra [and] Raj Karan Gupta
260 _aNew Delhi
_bGalgotia Publications
_c2010
270 _a5, Ansari Road, Darya Ganj,
_bNew Delhi
_e110002
300 _a394p. :
_c24cm(pbk)
_bill.
500 _aIncludes bibliographical references
600 _936476
610 _936477
700 _aLuthra, Renu
_937118
700 _aGupta,Raj Karan
_937121
942 _2ddc
_cEN
_mMAN
_h658.21
999 _c59616
_d59616